Normal view
MARC view
- Muhammed, Mohssen
Entry Personal Name
001 - CONTROL NUMBER
- control field: 111774
003 - CONTROL NUMBER IDENTIFIER
- control field: NUST
005 - DATE AND TIME OF LATEST TRANSACTION
- control field: 20230410130001.0
008 - FIXED-LENGTH DATA ELEMENTS
- fixed length control field: 230410|| aca||aabn | a|a d
040 ## - CATALOGING SOURCE
- Original cataloging agency: NUST
- Transcribing agency: NUST
100 ## - HEADING--PERSONAL NAME
- Personal name: Muhammed, Mohssen
670 ## - SOURCE DATA FOUND
- Source citation: Work cat.: (NUST): Muhammed, Mohssen., Machine Learning: Algorithm & Applications /, 2017.
